| 000 | 00668nam a22002057a 4500 | ||
|---|---|---|---|
| 005 | 20240530110506.0 | ||
| 008 | 151011s2011 ua a g 000 p ara d | ||
| 017 |
_a2011/13488 _bمصر . دار الكتب المصرية |
||
| 020 | _a9789775023032 | ||
| 040 | _aEG-CaGPL | ||
| 082 | 0 | 4 |
_221 _a811.082/ _bم ح |
| 100 | 0 | _aمحمد امين محرم . | |
| 245 | 1 | 0 |
_aحلاوة مصر و همومها / _cمحمد امين محرم . |
| 250 | _aط1. | ||
| 260 |
_aالقاهرة : _bدار كتابات ، _c2011 . |
||
| 300 |
_a176 ص ؛ _c21 سم . |
||
| 650 | 0 | 4 | _aالشعر العربى . |
| 942 |
_2ddc _cBK |
||
| 999 |
_c61570 _d61570 |
||